000 01001nam2a2200253 4500
001 RU\NLR\bibl\1281667
005 20250615141300.0
010 _a978-5-275-01660-4
_bт. 10
021 _aRU
_b2008-64907
_93696
035 _a(NLR Aleph) 001267432
090 _a417624
_c417624
100 _a20081007d2008 |||y0rusy50 ca
101 1 _arus
_cfre
102 _aRU
105 _ay |||||||||
200 1 _aЯ диктую
_eвоспоминания
_fпер. с фр. [Э. Шрайбер]
210 _d2008
_aБ. м.
215 _a429, [2] с.
461 0 _1001RU\NLR\bibl\1247977
_12001#$aСобрание сочинений$vТ. 10
_9217107
_aСименон, Ж. (1903-1989)
_cМосква
_d2008
_fЖорж Сименон
_nТерра-Книжный клуб
_oв 10 т. : перевод с французского
_tСобрание сочинений
_y978-5-275-01650-5
_vТ. 10
801 0 _aRU
_bNLR
_c20081007
_gRCR
801 1 _aRU
_bNLR
_c20081007
942 _cBOOK
980 _aNB